Globalización mundial y alternativas de desarrollo /
Del conjunto de grandes cambios que está viviendo el mundo de hoy, probablemente el más importante sea el de la globalización. Este fenómeno tiende a ser considerado por devotos y críticos como esencialmente económico. Pero en realidad es un proceso mucho más amplio que, aunque de base económica, ti...
Wedi'i Gadw mewn:
| Prif Awdur: | |
|---|---|
| Fformat: | Texto |
| Pynciau: | |
| Tagiau: |
Ychwanegu Tag
Dim Tagiau, Byddwch y cyntaf i dagio'r cofnod hwn!
|
MARC
| LEADER | 00000 a a2200000 04500 | ||
|---|---|---|---|
| 001 | 10479 | ||
| 003 | |||
| 040 | |||
| 100 | |a Dabat, Alejandro | ||
| 245 | |a Globalización mundial y alternativas de desarrollo / |c Alejandro Dabat | ||
| 520 | |a Del conjunto de grandes cambios que está viviendo el mundo de hoy, probablemente el más importante sea el de la globalización. Este fenómeno tiende a ser considerado por devotos y críticos como esencialmente económico. Pero en realidad es un proceso mucho más amplio que, aunque de base económica, tiende a abarcar las más importantes relaciones sociales, culturales, ecológicas y políticas del mundo actual. Es necesario aportar los fundamentos para una concepción alternativa de globalización, basada en la cooperación pacífica de los pueblos y Estados, la democratización de las naciones y la internacionalización de los movimientos sociales. REV//jmml | ||
| 650 | |a LIBERALIZACION DEL INTERCAMBIO | ||
| 650 | |a DESARROLLO ECONOMICO Y SOCIAL | ||
| 650 | |a ANALISIS HISTORICO | ||
| 650 | |a POLITICA | ||
| 650 | |a ECONOMIA | ||
| 650 | |a COMERCIO INTERNACIONAL | ||
| 650 | |a CONDICIONES SOCIALES | ||
| 650 | |a CULTURA | ||
| 773 | |g número 132; páginas 146-155 | ||
| 999 | |c 37066 |d 37066 | ||
